000 00255nam a2200109Ia 4500
008 220204s9999 xx 000 0 und d
082 _a657.6
_bWAS
100 _aWashbrook, H
245 0 _aBoard and management audit
260 _aLondon
_c1978
942 _cBK
999 _c28550
_d28550